000 00484nam a22001817a 4500
005 20260603130456.0
008 260603b |||||||| |||| 00| 0 eng d
020 _a9789389538809
_c725.00
040 _aMAIN
082 _a539
_bGAU
100 _aGautreau, Ronald
_926997
245 _aSchaum's Outline of Modern Physics
260 _aChennai
_bMcGraw Hill Education
_c2020
300 _a338
650 _aPhysics (PM USHA
_926699
700 _aSavin, William
_926998
942 _cBK
999 _c60976
_d60976